00671nam a2200205 a 450000100100000000500170001000800410002702000150006804000250008308200160010810000190012424500970014326000450024030000440028550000540032950000290038365000120041265000210042470000200044500000451720251107110522.0090723s2006 cr 001 0 spa d a9977952264 aDO-SdBNPbspacBNPHU a372.4bU26u1 aUgalde, Evelyn10aUna estrategia de animación a la lectura para cada día /cEvelyn Ugalde, Kattia Muñoz. aSan José, Costa Rica :bAtabal,c2006. a120 p. ;c21 cm.g(reimpresión, 2008) aLa biblioteca posee la 2a. reimpresión del 2008 aBibliográfica : p. 120 4aLectura 0aLibros y lectura12aMuñoz, Kattia